00681nam a2200121Ia 4500008004100000040004400041100001900085245007600104300000900180500026000189700009500449999001500544180412s9999||||xx |||||||||||||| ||und|| aAhmadu Bello University Library - Zaria aTarekegn Abose 0aRe-Orientation and Definition of the Role ofcWORLD HEALTH ORGANISATION a56p. aRe-orientation and definition of the role of malaria vector control in Ethiopia: the epidemiology and control of malaria with special emphasis on the distribution, behaviour and susceptibility of insecticides of ... / Tarekegn Abose ... (et al).-- Ethiopi aAmeha Mengesha;Desta Alamirew;Dereje Olana;Yemane Yeebiyo;Lemma Regassa;Yilunoamlak Beyene c6072d6072